| 000 | 00946nam a2200265Ia 4500 | ||
|---|---|---|---|
| 003 | OSt | ||
| 005 | 20221005112847.0 | ||
| 006 | a|||||r|||| 00| 0 | ||
| 007 | ta | ||
| 008 | 221004b |||||||| |||| 00| 0 pan d | ||
| 020 |
_a8187762551 _c400 |
||
| 024 | _a117526 | ||
| 037 |
_b598, 09/02/2012, H.K. Prakashan _cTextual |
||
| 040 |
_aCRL _cCRL _bpan |
||
| 041 |
_2pan _apan |
||
| 082 | _aY73(P153):351, 153P7 | ||
| 100 | _aਅਗਨੀਹੋਤਰੀ, ਮਧੂ | ||
| 245 | 0 | _aਪੰਜਾਬੀ ਲੋਕ ਗੀਤਾਂ ਦਾ ਸੁਹਜ ਾਸਤਰ | |
| 260 |
_aਦਿੱਲੀ _bਐੱਚ ਕੇ ਪ੍ਰਕਾਨ ਭਾਰਤ _c2007 |
||
| 300 |
_a335ਪੰ _ccm. |
||
| 650 | _a ਲੋਕ ਗੀਤ | ||
| 650 |
_aਸਮਾਜ ਵਿਗਿਆਨ _9156353 |
||
| 942 |
_hY73(P153):351, 153P7 _cTEXL _2cc |
||
| 999 |
_c1026218 _d1026218 |
||